000 00371 a2200145 4500
001 50108
040 _cAnchieta - Bela Vista
100 _aAnchietinha Itaigara
240 1 0 _aAs histórias nos levam a sonhar pelo céu...
_lpor
245 1 0 _aAs histórias nos levam a sonhar pelo céu...
300 _a40
362 0 _a2009
650 4 _aLiteratura juvenil
942 _cBK
999 _c50108
_d50108